| 000 | 00719cam a22002651 4500 | ||
|---|---|---|---|
| 999 |
_c9215 _d9215 |
||
| 001 | 9368299 | ||
| 003 | OSt | ||
| 005 | 20210109163708.0 | ||
| 008 | 720818s1960 xx 000 0 eng | ||
| 010 | _a 61004490 | ||
| 015 | _aGB61-9231 | ||
| 035 | _a(OCoLC)385094 | ||
| 040 |
_aDLC _cODaWU _dUk _dDLC |
||
| 042 | _apremarc | ||
| 050 | 0 | 0 |
_aBT77 _b.D4 1960 |
| 100 | 1 |
_aDeWolf, L. Harold _q(Lotan Harold), _d1905- |
|
| 245 | 1 | 2 | _aA theology of the living church. |
| 250 | _aRev. ed. | ||
| 260 |
_aNew York, _bHarper _c[1960] |
||
| 300 | _a383 p. | ||
| 504 | _aBibliography: p. 365-374. | ||
| 650 | 0 |
_aTheology, Doctrinal _xPopular works. |
|
| 906 |
_a7 _bcbc _coclcrpl _du _encip _f19 _gy-gencatlg |
||
| 942 |
_2ddc _cBK |
||